Lenguaje y Comunicación 2º Educación Básica: Texto para el Estudiante
Zapisane w:
| Główni autorzy: | , |
|---|---|
| Format: | Książka |
| Język: | hiszpański |
| Wydane: |
Santiago
Santillana
2009
|
| Hasła przedmiotowe: | |
| Etykiety: |
Dodaj etykietę
Nie ma etykietki, Dołącz pierwszą etykiete!
|
MARC
| LEADER | 00000nam a2200000 a 4500 | ||
|---|---|---|---|
| 001 | UCG0043 | ||
| 003 | CL-VaPUC | ||
| 008 | 100312e20090000CL |||||||||||||||||spa|d | ||
| 020 | |a 9789561514805 | ||
| 082 | 0 | 4 | |a 372.6 |b HER |2 21 |
| 100 | |a Herrera Ahumada, María Inés |e author |9 547326 | ||
| 700 | 0 | |a Arena Barrera, María Pia |e author |9 547327 | |
| 245 | 1 | 0 | |a Lenguaje y Comunicación 2º Educación Básica: Texto para el Estudiante |
| 300 | |a 184 p | ||
| 942 | |c BK | ||
| 945 | |d 20100312 00:00:00 |a rbrito | ||
| 260 | |a Santiago |b Santillana |c 2009 | ||
| 650 | 0 | |a Educación lingüística |9 306506 | |
| 650 | 0 | |a Educación básica |9 224933 | |
| 650 | 7 | |a LIBROS DE TEXTOS |2 CL-VaPUC |9 547328 | |
| 650 | 0 | |a Métodos de enseñanza |9 270413 | |
| 583 | |a last modification |c 20170816 01:26:37 |k Rodrigo Vera | ||
| 999 | |c 339794 |d 339792 | ||
| 952 | |0 0 |1 0 |4 0 |6 372_600000000000000_HER_2009 |7 0 |8 A |9 433773 |a BIBEDU |b BIBEDU |d 2019-11-22 |i 4642503 |l 1 |o 372.6 HER 2009 |p 4642503 |r 2022-04-20 |s 2022-04-20 |w 2019-11-22 |y BK |k EBA | ||
| 952 | |0 0 |1 0 |4 0 |6 372_600000000000000_HER_2009 |7 0 |8 A |9 433775 |a BIBEDU |b BIBEDU |d 2019-11-22 |i 4642562 |o 372.6 HER 2009 |p 4642562 |r 2019-11-22 |w 2019-11-22 |y BK |k EBA | ||